00341 a2200109 4500001001000000005001700010008004100027245004300068100002600111700002500137773006900162ART_5012020260410161607.0260409a 10aLos medios de intercambios comerciales1 aFaccendini, Yanina C.1 aOubiña, Gabriel H.0 tProfesional & Empresariag- Año XX, Nº 242 (nov. 2019)wREV70